Normal view
MARC view
- Lifshit︠s︡, E. M.
Entry Personal Name
001 - CONTROL NUMBER
- control field: 38483
003 - CONTROL NUMBER IDENTIFIER
- control field: OSt
005 - DATE AND TIME OF LATEST TRANSACTION
- control field: 20151013111544.0
008 - FIXED-LENGTH DATA ELEMENTS
- fixed length control field: 151013|| aca||aabn | a|a d
040 ## - CATALOGING SOURCE
- Original cataloging agency: OSt
100 1# - HEADING--PERSONAL NAME
- Personal name: Lifshit︠s︡, E. M.
- Fuller form of name: (Evgeniĭ Mikhaĭlovich)
400 1# - SEE FROM TRACING--PERSONAL NAME
- Personal name: Lifshit︠s︡, Evgeniĭ Mikhaĭlovich
400 1# - SEE FROM TRACING--PERSONAL NAME
- Personal name: Lifshitz, E. M.
- Fuller form of name: (Evgenii Mikhailovich)
400 1# - SEE FROM TRACING--PERSONAL NAME
- Personal name: Lifshitz, Evgenii Mikhailovich
400 1# - SEE FROM TRACING--PERSONAL NAME
- Personal name: Lifchitz, E.
400 1# - SEE FROM TRACING--PERSONAL NAME
- Personal name: Lifschitz, E. M.
400 1# - SEE FROM TRACING--PERSONAL NAME
- Personal name: Lifsic, Evgenij Michajlovič
400 1# - SEE FROM TRACING--PERSONAL NAME
- Personal name: Lifshitz, E.
- Fuller form of name: (Evgenii)